Euklidische Äquivalenz kristallographischer Gruppen Dissertation

Guardado en:
Detalles Bibliográficos
Autor principal: Mellis, Winfried
Formato: Libro
Lenguaje:alemán
Publicado: Bochum Ruhr-Universität 1981
Etiquetas: Agregar Etiqueta
Sin Etiquetas, Sea el primero en etiquetar este registro!

MARC

LEADER 00000nam a2200000 4500
001 c136612
005 20140320091314.6
041 0 |a ger 
044 |a DE 
245 1 0 |a Euklidische Äquivalenz kristallographischer Gruppen  |b Dissertation  |c Winfried Mellis 
264 1 |a Bochum  |b Ruhr-Universität  |c 1981 
300 |a 80 s. 
100 1 |a Mellis, Winfried